Logo Biblioteca

Rosario viaja con perros / (Registro nro. 987)

Detalles MARC
000 -LEADER
fixed length control field 02191nam a22002537a 4500
003 - CONTROL NUMBER IDENTIFIER
control field AR-RoUNCS
005 - DATE AND TIME OF LATEST TRANSACTION
control field 20260505161619.0
007 - PHYSICAL DESCRIPTION FIXED FIELD--GENERAL INFORMATION
fixed length control field ta
008 - FIXED-LENGTH DATA ELEMENTS--GENERAL INFORMATION
fixed length control field 260415s2011 ag ||||r|||| 00| j spa d
020 ## - INTERNATIONAL STANDARD BOOK NUMBER
International Standard Book Number 9789508086570
040 ## - CATALOGING SOURCE
Original cataloging agency AR-RoUNCS
Language of cataloging spa
Transcribing agency AR-RoUNCS
041 ## - LANGUAGE CODE
Language code of text/sound track or separate title spa
080 ## - UNIVERSAL DECIMAL CLASSIFICATION NUMBER
Authority record control number or standard number 82-34(821.6)
100 ## - MAIN ENTRY--PERSONAL NAME
Personal name Barat, Ebel
Relator term autor
245 10 - TITLE STATEMENT
Title Rosario viaja con perros /
Statement of responsibility, etc. Ebel Barat.
260 ## - PUBLICATION, DISTRIBUTION, ETC.
Place of publication, distribution, etc. Rosario :
Name of publisher, distributor, etc. Homo Sapiens,
Date of publication, distribution, etc. c2011.
300 ## - PHYSICAL DESCRIPTION
Extent 210 p. ;
Dimensions 22 cm.
490 ## - SERIES STATEMENT
Series statement Ciudad y orilla
505 0# - FORMATTED CONTENTS NOTE
Formatted contents note Palabras introductorias -- Joao -- La ruta de Ortiz -- Una dirección inesperada -- ¡Sucubu! -- El salmón -- La segunda obsesión de O’Harris -- Amistades -- Bicicletas -- Las islas -- Portobello street -- Popó -- Siempre allí -- El temor al desayuno -- La justificación del tiempo -- La guerra del fuego -- El carácter del lugar -- Rosario viaja con perros.-<br/>
520 ## - SUMMARY, ETC.
Summary, etc. Ebel Barat, poeta, narrador y ensayista, pertenece a la generación intermedia de autores rosarinos con una probada trayectoria de prepotencia del trabajo y calidad literaria. La selección de relatos con que integra nuestra colección remite a su condición de autor múltiple que para contar una historia será capaz de utilizar el lenguaje escrupuloso del poema y la mirada crítica o iluminadora del ensayo. Hay toda una galería de significantes y significados en estos cuentos: el modo de narrar va desde el discurso cuidado al léxico urbano y casual, pasando por la experiencia vanguardista. Asimismo, la temática combina lo fantástico, el humor, el suspenso y lo alegórico con la realidad cotidiana, a veces sórdida o epifánica gracias a una breve pero intensa ternura implícita. A esta variedad se suma la propia del ambiente, porque las historias pueden suceder tanto en Rosario como en lejanos lugares del mundo. Hay algo particular y auténtico en Ebel Barat escritor: su condición de dandy en el sentido en que lo define Baudelaire: la última hazaña posible, una búsqueda de distinción y de nobleza, de una aristocracia de la apariencia. Un dandy rosarino, claro.
650 #7 - SUBJECT ADDED ENTRY--TOPICAL TERM
Topical term or geographic name entry element Literatura argentina
Source of heading or term embne
655 #7 - INDEX TERM--GENRE/FORM
Genre/form data or focus term Cuento
Source of term embne
942 ## - ADDED ENTRY ELEMENTS (KOHA)
Source of classification or shelving scheme Universal Decimal Classification
Koha item type Obra General
Suppress in OPAC No
Existencias
Withdrawn status Lost status Source of classification or shelving scheme Damaged status Not for loan Collection Home library Current library Date acquired Source of acquisition Total checkouts Full call number Barcode Date last seen Price effective from Koha item type
    Universal Decimal Classification     Colección General Biblioteca Escuela de Ciencias Sociales Biblioteca Escuela de Ciencias Sociales 15/04/2026 Donación 2024   82-34(821.6) B226 001213 15/04/2026 15/04/2026 Obra General
Biblioteca de la Escuela Preuniversitaria en Ciencias Sociales y Humanísticas.
Riobamba 250 bis.
CP 2000 - Rosario - Santa Fe
E-Mail: biblioteca@esociales.unr.edu.ar